Formulario y tablas de pedagogía experimental / (Record no. 84363)

MARC details
000 -LEADER
campo de control de longitud fija 00539nam a2200157 i 4500
001 - NÚMERO DE CONTROL
campo de control 84363
003 - IDENTIFICADOR DE NÚMERO DE CONTROL
campo de control ES-MaACL
007 - CAMPO FIJO DE DESCRIPCIÓN FÍSICA--INFORMACIÓN GENERAL
campo de control de longitud fija t|
008 - DATOS DE LONGITUD FIJA--INFORMACIÓN GENERAL
campo de control de longitud fija 041122s1984 sp ||||1| spa d
100 1# - ENTRADA PRINCIPAL--NOMBRE DE PERSONA
Nombre de persona Jiménez Fernández, Carmen.
9 (RLIN) 66521
245 10 - MENCIÓN DEL TÍTULO
Título Formulario y tablas de pedagogía experimental /
Mención de responsabilidad, etc. Carmen Jiménez Fernández, Ramón Pérez Juste.
260 ## - PUBLICACIÓN, DISTRIBUCIÓN, ETC.
Lugar de publicación, distribución, etc. [Madrid] :
Nombre del editor, distribuidor, etc. Universidad Nacional de Educación a Distancia,
Fecha de publicación, distribución, etc. [1984]
300 ## - DESCRIPCIÓN FÍSICA
Extensión 147 p. ;
Dimensiones 24 cm.
700 1# - ENTRADA AGREGADA--NOMBRE PERSONAL
Nombre de persona Pérez Juste, Ramón.
9 (RLIN) 90958
852 ## - LOCALIZACIÓN
Ubicación ES-MaACL
Número de control de estantería L-7600
Sublocalización o colección R.108514
Holdings
Estatus retirado Estado de pérdida Estado de daño No para préstamo Biblioteca de origen Biblioteca actual Ubicación en estantería Fecha de adquisición Fuente de adquisición Total de préstamos Signatura topográfica completa Código de barras Visto por última vez Precio de reemplazo Tipo de ítem Koha
        Biblioteca del Ateneo de Madrid Biblioteca del Ateneo de Madrid Depósito 2 17/01/2008     L-7600 1088165 23/02/2023 23/02/2023 Libro impreso